[Event "Porto San Giorgio op 20th"]
[Site "Porto San Giorgio"]
[Date "2008.08.23"]
[Round "3"]
[White "Agrifoglio, Fabio"]
[Black "Calandri, Fausto"]
[Result "0-1"]
[WhiteElo "2017"]
[BlackElo "2138"]
[PlyCount "108"]
[EventDate "2008.08.21"]
[EventType "swiss"]
[EventRounds "9"]
[EventCountry "ITA"]
[SourceTitle "CBM 126 Extra"]
[Source "ChessBase"]
[SourceDate "2008.11.05"]
[SourceVersion "1"]
[SourceVersionDate "2008.11.05"]
[SourceQuality "1"]

1. g3 Nf6 2. Bg2 e6 3. d3 d5 4. Nd2 c5 5. e4 Nc6 6. c3 dxe4 7. Nxe4 Nxe4 8. dxe4 Qxd1+ 9. Kxd1 Be7 10. Kc2 0-0 11. Be3 Ne5 12. f4 Ng4 13. Re1 e5 14. h3 Nxe3+ 15. Rxe3 Be6 16. b3 exf4 17. gxf4 Rad8 18. Nf3 f6 19. Ree1 Rd7 20. Rd1 Rfd8 21. Rxd7 Rxd7 22. c4 Kf8 23. Re1 Rd6 24. a4 Bd8 25. Re2 Bc7 26. Ne1 b6 27. Nd3 Rd4 28. a5 Bd7 29. axb6 axb6 30. Kc3 Bc6 31. b4 Bd6 32. e5 Bxg2 33. Rxg2 fxe5 34. fxe5 Be7 35. bxc5 Bxc5 36. Rg4 Rxg4 37. hxg4 Be3 38. Nb4 Kf7 39. Kd3 Bc5 40. Nc6 Ke6 41. Ke4 h6 42. Nd8+ Ke7 43. Nc6+ Ke6 44. Nd8+ Kd7 45. Nf7 Ke6 46. Nh8 g5 47. Ng6 Ba3 48. Nh8 Bf8 49. Ng6 Bg7 50. Kd4 Kf7 51. Nh8+ Bxh8 52. Kd5 Ke7 53. Kc6 h5 54. gxh5 g4 0-1

[Event "Porto Mannu op"]
[Site "Porto Mannu"]
[Date "2008.05.20"]
[Round "5"]
[White "Agrifoglio, Fabio"]
[Black "Brunello, Sabino"]
[Result "0-1"]
[WhiteElo "2004"]
[BlackElo "2475"]
[PlyCount "90"]
[EventDate "2008.05.17"]
[EventType "swiss"]
[EventRounds "9"]
[EventCountry "ITA"]
[SourceTitle "CBM 124 Extra"]
[Source "ChessBase"]
[SourceDate "2008.07.03"]
[SourceVersion "1"]
[SourceVersionDate "2008.07.03"]
[SourceQuality "1"]

1. d4 Nf6 2. Nf3 e6 3. c4 b6 4. g3 Ba6 5. Qc2 d5 6. Ne5 Bd6 7. Bg2 0-0 8. 0-0 c5 9. cxd5 Nxd5 10. Nc3 cxd4 11. Nxd5 exd5 12. Nxf7 Rxf7 13. Bxd5 Bb7 14. Bxf7+ Kxf7 15. Qc4+ Kf8 16. Qxd4 Nc6 17. Qd3 Qf6 18. Bg5 Qe6 19. Rad1 Bc5 20. Qd7 Qxd7 21. Rxd7 Ba6 22. Be3 Bxe2 23. Bxc5+ bxc5 24. Rc1 c4 25. f4 Nb4 26. a3 Nd3 27. Rc2 Bg4 28. Rd5 Re8 29. Rxc4 Be6 30. Rxd3 Bxc4 31. Rd2 Bb3 32. Kf2 a5 33. Kf3 a4 34. h4 Ke7 35. Rd4 Rd8 36. Rb4 Rd3+ 37. Kf2 h5 38. Rb7+ Kf6 39. Rb6+ Kf5 40. Rb5+ Rd5 41. Rb7 g6 42. Rb6 Bc2 43. Rc6 Be4 44. Rb6 Rd2+ 45. Ke3 Rd3+ 0-1

[Event "Porto Mannu op"]
[Site "Porto Mannu"]
[Date "2008.05.20"]
[Round "4"]
[White "Ciobanu, Camelia Adriana"]
[Black "Agrifoglio, Fabio"]
[Result "0-1"]
[WhiteElo "2205"]
[BlackElo "2004"]
[PlyCount "66"]
[EventDate "2008.05.17"]
[EventType "swiss"]
[EventRounds "9"]
[EventCountry "ITA"]
[SourceTitle "CBM 124 Extra"]
[Source "ChessBase"]
[SourceDate "2008.07.03"]
[SourceVersion "1"]
[SourceVersionDate "2008.07.03"]
[SourceQuality "1"]

1. b3 c5 2. Bb2 Nc6 3. f4 Nf6 4. Nf3 d6 5. e3 e6 6. Bd3 Qb6 7. a3 Bd7 8. Nc3 a6 9. Qe2 d5 10. 0-0 Bd6 11. Kh1 Qc7 12. e4 dxe4 13. Nxe4 Nxe4 14. Qxe4 0-0-0 15. Bxg7 f5 16. Qe2 Rhg8 17. Bf6 Rdf8 18. Be5 Bxe5 19. fxe5 Rg4 20. Qe3 Nd4 21. Rf2 Bc6 22. Nxd4 cxd4 23. Qh6 Qe7 24. Bc4 Rg6 25. Qf4 b5 26. Be2 Rfg8 27. Bf3 Qb7 28. Bxc6 Qxc6 29. Qf3 Kc7 30. c3 dxc3 31. Rc1 Qxf3 32. gxf3 Kb7 33. Rxc3 Rg1# 0-1

[Event "Bresso op 6th"]
[Site "Bresso"]
[Date "2007.06.14"]
[Round "1"]
[White "Agrifoglio, Fabio"]
[Black "Garlera, Marco"]
[Result "1-0"]
[WhiteElo "2000"]
[BlackElo "1478"]
[PlyCount "97"]
[EventDate "2007.06.14"]
[EventType "swiss"]
[EventRounds "6"]
[EventCountry "ITA"]
[SourceTitle "EXT 2010"]
[Source "ChessBase"]
[SourceDate "2010.11.25"]
[SourceVersion "1"]
[SourceVersionDate "2010.11.25"]
[SourceQuality "1"]

1. d4 d5 2. c4 e6 3. Nc3 Nf6 4. Bg5 Be7 5. Qc2 Nc6 6. e3 0-0 7. Nf3 h6 8. Bh4 b6 9. a3 Ba6 10. cxd5 Bxf1 11. Rxf1 exd5 12. 0-0-0 Na5 13. Kb1 Nc4 14. Ka2 Rb8 15. Ne5 Re8 16. Bxf6 Bxf6 17. Nc6 Qd7 18. Nxb8 Rxb8 19. Rc1 a5 20. Nxd5 Qxd5 21. Qxc4 Qxg2 22. Qxc7 Qd5+ 23. Qc4 Qg2 24. Ka1 Qxh2 25. Qc7 Qxc7 26. Rxc7 Bd8 27. Rc6 f6 28. Kb1 Kh7 29. Kc2 g5 30. Kd3 Rb7 31. Rd6 Be7 32. Rc6 Kg6 33. Rfc1 h5 34. Rc7 Rxc7 35. Rxc7 Bd6 36. Rc6 Bh2 37. Rxb6 Bg1 38. Ke2 Bh2 39. Kf1 Bc7 40. Rb7 Bd8 41. Rd7 Bb6 42. b4 h4 43. Kg2 Kh5 44. Rd6 Bc7 45. Rxf6 axb4 46. axb4 Bd8 47. Re6 Kg4 48. f3+ Kf5 49. Rc6 1-0

[Event "Porto Mannu op"]
[Site "Porto Mannu"]
[Date "2007.05.26"]
[Round "9"]
[White "Agrifoglio, Fabio"]
[Black "Diotallevi, Maurizio"]
[Result "1/2-1/2"]
[WhiteElo "2000"]
[BlackElo "2137"]
[PlyCount "97"]
[EventDate "2007.05.19"]
[EventType "swiss"]
[EventRounds "9"]
[EventCountry "ITA"]
[SourceTitle "CBM 118 Extra"]
[Source "ChessBase"]
[SourceDate "2007.07.04"]
[SourceVersion "1"]
[SourceVersionDate "2007.07.04"]
[SourceQuality "1"]

1. d4 d5 2. c4 e6 3. Nc3 Nf6 4. Bg5 Be7 5. e3 h6 6. Bf4 c6 7. Qc2 Nbd7 8. cxd5 exd5 9. 0-0-0 Nf8 10. Bd3 Ne6 11. Be5 Bd6 12. h3 Bxe5 13. dxe5 Nd7 14. f4 Qb6 15. Qe2 Ndc5 16. Bc2 Bd7 17. Nf3 0-0-0 18. Nd4 g6 19. Qd2 Ng7 20. g4 Rde8 21. e4 dxe4 22. Nxe4 Nxe4 23. Bxe4 Rd8 24. Qc3 Rhe8 25. a4 Kb8 26. a5 Qc7 27. Nf3 a6 28. Rhe1 Be6 29. Rd4 Rxd4 30. Nxd4 Bd7 31. Qd2 Rd8 32. Rd1 Kc8 33. Qc3 g5 34. Nf5 Nxf5 35. Rxd7 Rxd7 36. Bxf5 gxf4 37. e6 fxe6 38. Bxe6 Kb8 39. Bxd7 Qxd7 40. Qe5+ Ka7 41. Qxf4 Qe6 42. Qd4+ Ka8 43. Qc3 Qd6 44. Kc2 c5 45. Qe3 Qc6 46. Qc3 Ka7 47. b4 Qe4+ 48. Kb3 Qd5+ 49. Ka3 1/2-1/2

[Event "Porto Mannu op"]
[Site "Porto Mannu"]
[Date "2007.05.24"]
[Round "7"]
[White "Agrifoglio, Fabio"]
[Black "Adrian, Claude"]
[Result "0-1"]
[WhiteElo "2000"]
[BlackElo "2280"]
[PlyCount "78"]
[EventDate "2007.05.19"]
[EventType "swiss"]
[EventRounds "9"]
[EventCountry "ITA"]
[SourceTitle "CBM 118 Extra"]
[Source "ChessBase"]
[SourceDate "2007.07.04"]
[SourceVersion "1"]
[SourceVersionDate "2007.07.04"]
[SourceQuality "1"]

1. d4 c5 2. d5 e6 3. e4 exd5 4. exd5 d6 5. c4 Nf6 6. Bd3 Be7 7. Nf3 0-0 8. h3 Na6 9. Nc3 Nc7 10. a4 b6 11. 0-0 a6 12. Bf4 Rb8 13. Re1 Bd7 14. Qc2 Re8 15. Bh2 b5 16. axb5 axb5 17. b3 h6 18. Nd2 Bf8 19. Nde4 bxc4 20. bxc4 Nxe4 21. Nxe4 Rb6 22. Reb1 Na6 23. Rxb6 Qxb6 24. Qd2 Nb4 25. Rb1 Qa6 26. Bf4 Qa3 27. Nc3 g5 28. Bxg5 Nxd3 29. Qxd3 hxg5 30. Qd2 Bg7 31. Rc1 Kf8 32. h4 gxh4 33. Nb1 Qb2 34. Qf4 Qf6 35. Qh2 Bh6 36. Rf1 Re2 37. Nc3 Bf4 38. Qh1 Qxc3 39. Qxh4 Qe5 0-1

[Event "Porto Mannu op"]
[Site "Porto Mannu"]
[Date "2007.05.23"]
[Round "5"]
[White "Agrifoglio, Fabio"]
[Black "Godena, Michele"]
[Result "0-1"]
[WhiteElo "2000"]
[BlackElo "2558"]
[PlyCount "84"]
[EventDate "2007.05.19"]
[EventType "swiss"]
[EventRounds "9"]
[EventCountry "ITA"]
[SourceTitle "CBM 118 Extra"]
[Source "ChessBase"]
[SourceDate "2007.07.04"]
[SourceVersion "1"]
[SourceVersionDate "2007.07.04"]
[SourceQuality "1"]

1. e4 e5 2. Nf3 Nc6 3. Bc4 Nf6 4. d3 h6 5. c3 g6 6. 0-0 Bg7 7. Re1 0-0 8. b4 a6 9. a4 d6 10. Qb3 Nh5 11. Be3 g5 12. Kh1 Nf4 13. Bxf4 exf4 14. d4 g4 15. Ng1 Qg5 16. Ra2 Bd7 17. Nd2 Rae8 18. e5 dxe5 19. d5 Ne7 20. Ne4 Qg6 21. f3 Nf5 22. fxg4 Ne3 23. Rxe3 fxe3 24. Bd3 Bxg4 25. Qb1 f5 26. Nc5 e4 27. Bc4 f4 28. d6+ Kh8 29. d7 Re7 30. Nf3 Bxd7 31. Nd4 Bxd4 32. cxd4 Bf5 33. Qe1 Rg7 34. b5 axb5 35. axb5 f3 36. Qxe3 fxg2+ 37. Kg1 b6 38. d5 bxc5 39. Ra6 Bh3 40. Qxh3 Rf1+ 41. Bxf1 gxf1Q+ 42. Kxf1 Qg1+ 0-1